Financial institutions management : a risk management approach
Saved in:
| Main Author: | |
|---|---|
| Format: | Book |
| Language: | English |
| Published: |
McGraw- Hill Education
2014
|
| Tags: |
Add Tag
No Tags, Be the first to tag this record!
|
MARC
| LEADER | 00000nam a22000007a 4500 | ||
|---|---|---|---|
| 008 | 240828b |||||||| |||| 00| 0 eng d | ||
| 020 | |a 9781259010859 | ||
| 100 | |a SAUNDERS, Anthony | ||
| 245 | |a Financial institutions management |b : a risk management approach |c /Anthony Saunders and Marcia Millon Cornett |g xxi, 889p.:ill | ||
| 250 | |b 5th | ||
| 260 | |b McGraw- Hill Education |c 2014 |h New York |i 703004 |l HG181.Sa8 |m Financial institutions--United States--Management |m Risk management--United States. |m Financial services industry--United States--Management. | ||
| 500 | |a it includes index | ||
| 942 | |a lcc |c BK |e Johnson |f 28/08/24 | ||
| 952 | |0 0 |1 0 |2 lcc |4 0 |6 HG0181 S A8 |7 0 |9 5531 |a HOL |b HOL |c GJ |d 2024-08-28 |l 0 |o HG181.Sa8 |p 2024-0771 |r 2024-08-28 00:00:00 |t 703004 |w 2024-08-28 |y BK | ||
| 999 | |c 2731 |d 2731 | ||